| 000 | 01026nam a2200217 i 4500 | ||
|---|---|---|---|
| 001 | 19021 | ||
| 003 | ES-MaACL | ||
| 005 | 20231219062531.0 | ||
| 007 | t| | ||
| 008 | 020426m19791991sp ||||1| spa d | ||
| 020 | _a84-239-6407-8 | ||
| 080 | _a1(460)(091) | ||
| 100 | 1 |
_aAbellán, José Luis, _d1933-2023 _9176509 |
|
| 245 | 1 | 0 |
_aHistoria crítica del pensamiento español / _cJosé Luis Abellán. |
| 260 |
_aMadrid : _bEspasa-Calpe, _c1979-1991. |
||
| 300 |
_a7 v. : _bil. ; _c23 cm. |
||
| 505 | 8 | _aContiene : 1. Metodología e introducción histórica - 2. La edad de oro - 3. Del Barroco a la Ilustración (siglos XVII y XVIIII) - 4. Liberalismo y Romanticismo (1808-1874) - 5(1). La crisis contemporánea (1875-1936) - 5(2). La crisis contemporánea: fin de siglo, Modernismo, generación del 98 (1898-1913) - 5(3). La crisis contemporánea: de la Gran Guerra a la guerra civil española (1914-1939). | |
| 650 | 4 |
_aFilosofía- _zEspaña- _vHistoria. _912844 |
|
| 852 |
_aES-MaACL _jL-25482-88 |
||
| 999 |
_c19021 _d19021 |
||